000 00748cam a22002055a 4500
001 ##J100745
008 000000s1911 000 0 eng u
035 _a(Sirsi) u100745
041 0 _aeng
050 0 4 _a333.0062 $2 18
110 2 _aSurveyors' Institution
_93783
245 _aSyllabus of subjects and examples of papers set at preliminary and professional examinations
_bFebruary 1911
260 _aLondon
_bSurveyors' Institution
_c1911
300 _a109p.
_c22cm.
350 _a1s. 6p.
520 _aProvides example papers of a range of subject area on the syllabus at preliminary, intermediate and professional level.
651 4 _aGreat Britain
_y1707-
690 _aCAREERS, EDUCATION AND TRAINING-QUALIFICATION ROUTES
942 _n0
999 _c99794
_d99794